000 00314 a2200133 4500
001 122481
020 _a9788573984095
040 _cEscola Canadense de Niteroi
090 _aT3
245 1 0 _aTino, a Tartaruga-Marinha
490 0 _aAs Aventuras dos Seres do Mar
650 4 _aChildren's Literature
942 _cBK
999 _c122481
_d122481